000 00458nam a22001697a 4500
999 _c4251
_d4251
005 20250204084917.0
008 250204b ||||| |||| 00| 0 eng d
020 _a9781406334760
040 _cBRITISH LIBRARY
100 _aCOUSINS,LUCY
_eAUTHOR
245 _aMAISY'S BUS
_cTRANSPORTATION
260 _bWALKER BOOKS
300 _a20 CM
_bCOLOUR ILLUSTRATION
521 _aJUVENILE
650 _aJUVENILE LITERATURE
_vJUVENILE LITERATURE
942 _2ddc
_cNFIC